A kapunyitási pánik jelenléte a fiatal felnőttek körében

Bibliográfiai részletek
Szerző: Horváth Dalma Valéria
További közreműködők: Thuma Dr. Orsolya Klára
Dokumentumtípus: Diplomadolgozat
Kulcsszavak:identitáskeresés
jövőkép
kapunyitási pánik
megküzdési stratégiák
pályaválasztás
Online Access:http://dolgozattar.uni-bge.hu/59522

MARC

LEADER 00000nta a2200000 i 4500
001 dolg59522
005 20260409145200.0
008 260409suuuu hu om 000 hun d
040 |a BGE Dolgozattár Repozitórium  |b hun 
041 |a hu 
100 1 |a Horváth Dalma Valéria 
245 1 2 |a A kapunyitási pánik jelenléte a fiatal felnőttek körében  |c Horváth Dalma Valéria  |h [elektronikus dokumentum] 
520 3 |a Szakdolgozatom témája a kapunyitási pánik (quarter-life crisis), amely aktualitása egyre nő napjainkban. A jelenség olyan válság, amelyet leginkább az identitáskeresés, társadalmi elvárások és a jövőt nagyban befolyásoló döntések meghozatala vált ki. Kvantitatív kutatásom során, egy kérdőív segítségével megvizsgáltam mik a kapunyitási pánik főbb kiváltó okai, tünetei, illetve milyen hatással van a fiatal felnőttek mentális egészségére. A 130 válaszadó eredményei alapján kijelenthető, hogy a pályaválasztási bizonytalanság és az önállósodás kihívásai mind szerepet játszanak a kapunyitási pánik kialakulásában, azonban a 18 és 40 év közöttiek rendelkeznek megküzdési stratégiákkal, amikkel a mindennapos stresszt és szorongást csökkenthetik. A kapunyitási pánik kialakulhat már akár 18 éves korban is, de vannak olyan személyek, akiknél ez a 30-as éveikig is elhúzódhat. Azok a kitöltők, akik jelenleg még nem dolgoznak veszélyezettebbek a kapunyitási pánikra, mint azok, akik már dolgoznak, vagy dolgoztak az életük során. Kutatásom nem reprezentatív, így országos viszonylatban eltérések lehetnek. 
695 |a identitáskeresés 
695 |a jövőkép 
695 |a kapunyitási pánik 
695 |a megküzdési stratégiák 
695 |a pályaválasztás 
700 1 |a Thuma Dr. Orsolya Klára  |e ths 
856 4 0 |u http://dolgozattar.uni-bge.hu/59522/1/Horv%C3%A1th_Dalma_Val%C3%A9ria_Szakdolgozat.pdf  |z Dokumentum-elérés 
856 4 0 |u http://dolgozattar.uni-bge.hu/59522/2/Horv%C3%A1th_Dalma_k%C3%BCls%C5%91_b%C3%ADr%C3%A1l%C3%B3.pdf  |z Dokumentum-elérés 
856 4 0 |u http://dolgozattar.uni-bge.hu/59522/3/Horv%C3%A1th%20Dalma%20b%C3%ADr%C3%A1lat%20KSZ.pdf  |z Dokumentum-elérés